<?xml version="1.0" encoding="UTF-8"?>
<collection xmlns="http://www.loc.gov/MARC21/slim">
 <record>
  <leader>01609cam a2200385  a4500</leader>
  <controlfield tag="001">1079995684</controlfield>
  <controlfield tag="003">DE-627</controlfield>
  <controlfield tag="005">20230705082820.0</controlfield>
  <controlfield tag="007">tu</controlfield>
  <controlfield tag="008">850101m19851985xx |||||      00| ||eng c</controlfield>
  <datafield tag="020" ind1=" " ind2=" ">
   <subfield code="a">0300031734</subfield>
   <subfield code="9">0-300-03173-4</subfield>
  </datafield>
  <datafield tag="035" ind1=" " ind2=" ">
   <subfield code="a">(DE-627)1079995684</subfield>
  </datafield>
  <datafield tag="035" ind1=" " ind2=" ">
   <subfield code="a">(DE-576)009995684</subfield>
  </datafield>
  <datafield tag="035" ind1=" " ind2=" ">
   <subfield code="a">(DE-599)BSZ009995684</subfield>
  </datafield>
  <datafield tag="035" ind1=" " ind2=" ">
   <subfield code="a">(DE-604)8003868397</subfield>
  </datafield>
  <datafield tag="040" ind1=" " ind2=" ">
   <subfield code="a">DE-627</subfield>
   <subfield code="b">ger</subfield>
   <subfield code="c">DE-627</subfield>
   <subfield code="e">rakwb</subfield>
  </datafield>
  <datafield tag="041" ind1=" " ind2=" ">
   <subfield code="a">eng</subfield>
  </datafield>
  <datafield tag="082" ind1="0" ind2=" ">
   <subfield code="a">730'.92'4</subfield>
  </datafield>
  <datafield tag="084" ind1=" " ind2=" ">
   <subfield code="a">9,10</subfield>
   <subfield code="2">ssgn</subfield>
  </datafield>
  <datafield tag="084" ind1=" " ind2=" ">
   <subfield code="a">LI 11190</subfield>
   <subfield code="2">rvk</subfield>
   <subfield code="0">(DE-625)rvk/95462:</subfield>
  </datafield>
  <datafield tag="100" ind1="1" ind2=" ">
   <subfield code="a">Montagu, Jennifer</subfield>
   <subfield code="d">1931-</subfield>
   <subfield code="0">(DE-588)123729270</subfield>
   <subfield code="0">(DE-627)082732663</subfield>
   <subfield code="0">(DE-576)162276540</subfield>
   <subfield code="4">aut</subfield>
  </datafield>
  <datafield tag="245" ind1="1" ind2="0">
   <subfield code="a">Alessandro Algardi</subfield>
   <subfield code="c">Jennifer Montagu</subfield>
  </datafield>
  <datafield tag="264" ind1=" " ind2="1">
   <subfield code="a">New Haven [u.a.]</subfield>
   <subfield code="b">Yale Univ. Pr.</subfield>
   <subfield code="c">1985-1985</subfield>
  </datafield>
  <datafield tag="336" ind1=" " ind2=" ">
   <subfield code="a">Text</subfield>
   <subfield code="b">txt</subfield>
   <subfield code="2">rdacontent</subfield>
  </datafield>
  <datafield tag="337" ind1=" " ind2=" ">
   <subfield code="a">ohne Hilfsmittel zu benutzen</subfield>
   <subfield code="b">n</subfield>
   <subfield code="2">rdamedia</subfield>
  </datafield>
  <datafield tag="338" ind1=" " ind2=" ">
   <subfield code="a">Band</subfield>
   <subfield code="b">nc</subfield>
   <subfield code="2">rdacarrier</subfield>
  </datafield>
  <datafield tag="689" ind1="0" ind2="0">
   <subfield code="d">p</subfield>
   <subfield code="0">(DE-588)118808761</subfield>
   <subfield code="0">(DE-627)07958277X</subfield>
   <subfield code="0">(DE-576)163833516</subfield>
   <subfield code="a">Algardi, Alessandro</subfield>
   <subfield code="d">1598-1654</subfield>
   <subfield code="2">gnd</subfield>
  </datafield>
  <datafield tag="689" ind1="0" ind2=" ">
   <subfield code="5">(DE-627)</subfield>
  </datafield>
  <datafield tag="700" ind1="1" ind2=" ">
   <subfield code="a">Algardi, Alessandro</subfield>
   <subfield code="d">1598-1654</subfield>
   <subfield code="e">Ill.</subfield>
   <subfield code="0">(DE-588)118808761</subfield>
   <subfield code="0">(DE-627)07958277X</subfield>
   <subfield code="0">(DE-576)163833516</subfield>
   <subfield code="4">ill</subfield>
  </datafield>
  <datafield tag="787" ind1="0" ind2="8">
   <subfield code="i">Rezensiert in</subfield>
   <subfield code="a">Kruft, Hanno-Walter, 1938 - 1993</subfield>
   <subfield code="t">[Rezension von: Jennifer Montagu, Alessandro Algardi]</subfield>
   <subfield code="d">Nürnberg : Carl, 1986</subfield>
   <subfield code="w">(DE-627)1693159570</subfield>
  </datafield>
  <datafield tag="936" ind1="r" ind2="v">
   <subfield code="a">LI 11190</subfield>
   <subfield code="b">Algardi, Alessandro</subfield>
   <subfield code="k">Künstler-Monografien</subfield>
   <subfield code="k">Alphabetische Künstlerliste</subfield>
   <subfield code="k">Künstler A</subfield>
   <subfield code="k">Algardi, Alessandro</subfield>
   <subfield code="0">(DE-627)1271595753</subfield>
   <subfield code="0">(DE-625)rvk/95462:</subfield>
   <subfield code="0">(DE-576)201595753</subfield>
  </datafield>
  <datafield tag="951" ind1=" " ind2=" ">
   <subfield code="a">MC</subfield>
  </datafield>
  <datafield tag="990" ind1=" " ind2=" ">
   <subfield code="a">Algardi, Alessandro</subfield>
  </datafield>
  <datafield tag="991" ind1=" " ind2=" ">
   <subfield code="a">Rezensiertes Werk</subfield>
  </datafield>
  <datafield tag="999" ind1=" " ind2=" ">
   <subfield code="a">KXP-PPN1079995684</subfield>
   <subfield code="e">4012553631</subfield>
  </datafield>
 </record>
</collection>
